rajouts CALORIES - Statistiques

Statistiques générales
  • Ce quiz a été pris 6 fois
  • Le résultat moyen est 3 sur 20
Statistiques - réponses
lettre à rajouter mot formé % Correct
B cabrioles
67%
F focaliser
33%
L localiser
33%
L rocailles
33%
N salicorne
33%
S scolarisé
33%
T scolarité
33%
V vocaliser
33%
E aéricoles
0%
G agricoles
0%
N caliornes
0%
R carrioles
0%
N censorial
0%
T colatiers
0%
D cordiales
0%
L localiers
0%
U oculaires
0%
P rapicolés
0%
H rochelais
0%
S scolaires
0%
Aucun quiz correspondant
Distribution des résultats
% des personnes avec chaque résultat
Percentile par nombre de réponses
Votre historique - résultats
Vous n’avez pas pris ce quiz